00789nam a2200205 a 450000100100000000500170001000800410002704000250006808200170009310000340011024500550014426001070019930000220030650000420032850000400037058600260041004900090043695201210044599900170056600002565720200930023941.0110218s1978 pn r 000 0 spa d aDO-SdBNPbspacBNPHU axxxxxbB282p1 aBarsellos, Ana María95239414aLas paredes del silencio /cAna María Barsellos. aRepública de Panamá :bUniversidad de Panamá :bDepartamento de Expresiones Artísticas,c1978. a47 p. ;c18.5 cm. aEn la portada: seudónimo "Demeter". aEn la portada: Género "poesía". aPremio poesía 1978. aBNGR 001054708MOaGRbGRcCTd2011-02-18iLF1l0oxxxxx B282pp25657-10r2020-06-25w2020-06-25y4ZPréstamo en sala c25149d25149